000 01386nam0a22002651 4500
001 rc\4063593
005 20260408082817.0
021 _aRU
_b[51-12631]
035 _a(NLR Aleph) 008114619
090 _a9325952
_c9325952
100 _a20130415d1951 |||y0rusy50 ca
101 0 _arus
102 _aRU
105 _ay c |||||
200 1 _aМетодические указания по организации и проведению комплексных районных сельскохозяйственных выставок в 1951 году
_e(В порядке обсуждения)
210 _aМосква
_cИзд-во М-ва сельского хозяйства СССР
_d1951
215 _a11 с.
_d20
225 1 _aГлавное управление сельскохозяйственной пропаганды Министерства сельского хозяйства СССР. Материалы к Совещанию по сельскохозяйственной пропаганде
606 _aСельскохозяйственные выставки
_2psbo
712 0 1 _aСССР
_bГлавное управление сельскохозяйственной пропаганды и науки
_3RU\NLR\AUTH\8810153422
_9801990
801 0 _aRU
_bNLR
_gpsbo
801 1 _aRU
_bELAR
_2rusmarc
852 _aNLR
_jС10 Г-4/317
942 _cBOOK
980 _aNB